Partidos políticos : (Registro nro. 3847)

Detalles MARC
000 -LEADER
fixed length control field 01578nam a2200265Ia 4500
003 - CONTROL NUMBER IDENTIFIER
control field OSt
005 - DATE AND TIME OF LATEST TRANSACTION
control field 20200804184542.0
008 - FIXED-LENGTH DATA ELEMENTS--GENERAL INFORMATION
fixed length control field 191128s2002 mx fr 100 0 spa d
020 ## - INTERNATIONAL STANDARD BOOK NUMBER
International Standard Book Number 9703200060
040 ## - CATALOGING SOURCE
Original cataloging agency CO-JMCR
Transcribing agency CO-JMCR
041 0# - LANGUAGE CODE
Language code of text/sound track or separate title spa
082 04 - DEWEY DECIMAL CLASSIFICATION NUMBER
Classification number 343.04 /
Item number C749p
Edition number 23
111 2# - MAIN ENTRY--MEETING NAME
Meeting name or jurisdiction name as entry element Congreso Iberoamericano de Derecho Constitucional
Date of meeting or treaty signing (2002 feb. 12-15 :
Location of meeting México)
9 (RLIN) 8396
245 10 - TITLE STATEMENT
Title Partidos políticos :
Remainder of title democracia interna y financiamiento de precampañas /
Statement of responsibility, etc. memoria del VII congreso Iberoamericano de Derecho Constitucional ; María del Pilar Hernández coordinadora
250 ## - EDITION STATEMENT
Edition statement Primera edición
260 ## - PUBLICATION, DISTRIBUTION, ETC.
Place of publication, distribution, etc. México :
Name of publisher, distributor, etc. Universidad Nacional Autónoma de México, Instituto de Investigaciones Jurídicas,
Date of publication, distribution, etc. 2002
300 ## - PHYSICAL DESCRIPTION
Extent xii, 376 páginas ;
Dimensions 22 cm.
490 0# - SERIES STATEMENT
Series statement Doctrina Jurídica ;
Volume/sequential designation 102
505 0# - FORMATTED CONTENTS NOTE
Formatted contents note Hacia una ley federal de Partidos políticos en México -- Las lagunas jurídicas en materia del financiamiento de precampañas políticas en México -- Algunas reflexiones sobre el financiamiento a los partidos políticos en México
520 3# - SUMMARY, ETC.
Summary, etc. El trabajo colectivo que el lector tiene en sus manos, es producto del debate académico que se sucitó con motivo de uno de los temas nodales del VII Congreso Iberoamericano de Derecho Constitucional, celebrado en esta ciudad capital, partidos políticos.
650 14 - SUBJECT ADDED ENTRY--TOPICAL TERM
Topical term or geographic name entry element Partidos políticos
Form subdivision congresos, conferencias, etc.
9 (RLIN) 8397
650 14 - SUBJECT ADDED ENTRY--TOPICAL TERM
Topical term or geographic name entry element Congresos Democracia
Form subdivision congresos, conferencias, etc.
9 (RLIN) 8398
700 1# - ADDED ENTRY--PERSONAL NAME
Personal name Hernández, María del Pilar,
Relator term coordinadora
9 (RLIN) 8399
942 ## - ADDED ENTRY ELEMENTS (KOHA)
Source of classification or shelving scheme Dewey Decimal Classification
Koha item type Books
Existencias
Withdrawn status Lost status Source of classification or shelving scheme Damaged status Not for loan Collection code Home library Current library Date acquired Source of acquisition Full call number Barcode Date last seen Copy number Koha item type
    Dewey Decimal Classification     Non-fiction Biblioteca Pública José María del Castillo y Rada Biblioteca Pública José María del Castillo y Rada 03/09/2018 Donación 343.04 / C749p 201808340 05/16/2024 Ej.1 Books